[Event "Battle Chess"]
[Site "http://www.queenalice.com/game.php?id=1224048"]
[Date "2013.10.12"]
[Round "-"]
[White "RamonChess"]
[Black "spawnwolfwolverine"]
[Result "1-0"]
[WhiteElo "1500"]
[BlackElo "1708"]

1. e4 e5 2. Nf3 d6 3. Nc3 b6 4. d4 exd4 5. Nxd4 Bb7 6. Bb5+ Nd7 7. Bc6 Rb8 8.
Nd5 Be7 9. Qg4 Nf6 10. Qxg7 Rf8 11. Bxb7 Rxb7 12. Nc6 Qc8 13. Ncxe7 Qd8 14. Nc6
Nxd5 15. Nxd8 Kxd8 16. exd5 Ke8 17. O-O Ne5 18. Re1 c5 19. Bg5 a5 20. a3 b5 21.
Bh4 Rb8 22. Rxe5+ dxe5 23. Qf6 Kd7 24. Qc6# 1-0

[Event "Battle Chess"]
[Site "http://www.queenalice.com/game.php?id=1224052"]
[Date "2013.10.12"]
[Round "-"]
[White "spawnwolfwolverine"]
[Black "RamonChess"]
[Result "0-1"]
[WhiteElo "1702"]
[BlackElo "1899"]

1. d4 d5 2. e3 Nf6 3. g3 Bf5 4. Bg2 Nc6 5. Nf3 Qd7 6. O-O Bh3 7. b3 Bxg2 8. Kxg2
e6 9. Ba3 Bxa3 10. Nxa3 O-O 11. c4 Rad8 12. c5 Ne4 13. Rc1 Rfe8 14. Ne5 Nxe5 15.
dxe5 Qe7 16. b4 a5 17. bxa5 Ra8 18. Nc2 Rxa5 19. Nd4 Rxa2 20. h4 Nxc5 21. Rc2
Ra3 22. Nb5 Ra5 23. Nd4 Rea8 24. Qd2 Ne4 25. Qd3 c5 26. Nf3 c4 27. Qd4 b5 28.
Qb6 b4 29. Qd4 b3 30. Rb2 Ra4 31. Nd2 c3 32. Rxb3 Rxd4 33. exd4 cxd2 34. Rfb1
Qa7 35. f3 d1=Q 36. Rxd1 Qa2+ 37. Kh3 Nf2+ 38. Kg2 Nxd1+ 39. Kh3 Qxb3 40. f4 Ra3
41. f5 Qxg3# 0-1

[Event "Battle Chess"]
[Site "http://www.queenalice.com/game.php?id=1224189"]
[Date "2013.10.13"]
[Round "-"]
[White "RamonChess"]
[Black "lincolnalberto"]
[Result "1-0"]
[WhiteElo "1928"]
[BlackElo "1246"]

1. e4 d5 2. exd5 Qxd5 3. Nc3 Qe5+ 4. Qe2 Nc6 5. Qxe5 Nxe5 6. d4 Nc6 7. Nf3 Nf6
8. Bb5 Bf5 9. d5 Bd7 10. dxc6 bxc6 11. Ba4 Rb8 12. O-O Rb4 13. Ne5 Rb6 14. Rd1
Rb5 15. Nxb5 cxb5 16. Bb3 e6 17. Be3 c5 18. Bf4 a5 19. a4 b4 20. Nxd7 Nxd7 21.
c3 h5 22. Rac1 h4 23. Bc7 h3 24. Rd3 hxg2 25. Bxa5 bxc3 26. bxc3 Ne5 27. Bc2
Nxd3 28. Bxd3 Bd6 29. Bb5+ Ke7 30. Rd1 Bxh2+ 31. Kxg2 Rh5 32. Rh1 c4 33. Bb6 f5
34. Bc5+ Kf6 35. Bxc4 g6 36. Rxh2 Rxh2+ 37. Kxh2 e5 38. a5 g5 39. a6 f4 40. a7
g4 41. a8=Q Kf5 42. Bd3+ e4 43. Qxe4+ Kg5 44. Qf5+ Kh6 45. Qg6# 1-0

[Event "douglas"]
[Site "http://www.queenalice.com/game.php?id=1224720"]
[Date "2013.10.15"]
[Round "-"]
[White "RamonChess"]
[Black "dbsxadrez"]
[Result "0-1"]
[WhiteElo "1876"]
[BlackElo "1500"]

1. e4 d5 2. exd5 Qxd5 3. Nc3 Qa5 4. d4 Nf6 5. Nf3 c6 6. Be2 Bf5 7. O-O e6 8. Bf4
Bb4 9. Bd2 O-O 10. Nh4 Bg6 11. Nxg6 hxg6 12. Bf3 Rd8 13. Re1 Rxd4 14. a3 Bxc3
15. Bxc3 Rxd1 16. Bxa5 Rxa1 17. Rxa1 Nbd7 18. h4 Ne5 19. Be2 b6 20. Bb4 Rd8 21.
Bc3 Ned7 22. Rd1 Kf8 23. b4 Ke7 0-1

[Event "Battle Chess"]
[Site "http://www.queenalice.com/game.php?id=1224735"]
[Date "2013.10.15"]
[Round "-"]
[White "RamonChess"]
[Black "charles31"]
[Result "1-0"]
[WhiteElo "1825"]
[BlackElo "1793"]

1. Nf3 Nf6 2. d4 d5 3. e3 Nc6 4. c4 dxc4 5. Bxc4 h6 6. d5 Nb8 7. O-O Bg4 8. Qa4+
Nbd7 9. Ne5 Bf5 10. Nc3 a6 11. Be2 e6 12. Nxd7 Qxd7 13. Bb5 axb5 14. Qxa8+ Ke7
15. dxe6 Bxe6 16. Rd1 Qc6 17. Qd8# 1-0

[Event "Battle Chess"]
[Site "http://www.queenalice.com/game.php?id=1224736"]
[Date "2013.10.15"]
[Round "-"]
[White "charles31"]
[Black "RamonChess"]
[Result "0-1"]
[WhiteElo "1793"]
[BlackElo "1703"]

1. e4 e5 2. Nf3 Nc6 3. d4 exd4 4. Nxd4 Qh4 5. Nxc6 Qxe4+ 6. Qe2 Qxe2+ 7. Bxe2
dxc6 8. Bf4 Bd6 9. Bg3 Bxg3 10. hxg3 Bf5 11. c3 O-O-O 12. g4 Bd3 13. Bxd3 Rxd3
14. Na3 Nf6 15. Rd1 Re8+ 0-1

[Event "Let's Play Chess!"]
[Site "http://www.queenalice.com/game.php?id=1224881"]
[Date "2013.10.16"]
[Round "-"]
[White "RamonChess"]
[Black "GMMarolideus"]
[Result "0-1"]
[WhiteElo "1942"]
[BlackElo "1500"]

1. e4 c5 2. Nf3 d6 3. d4 cxd4 4. Nxd4 Nf6 5. Nc3 a6 6. Be2 e5 7. Nb3 Be7 8. O-O
O-O 9. Qd3 b6 10. Qg3 Kh8 11. Be3 Qc7 12. Rad1 Bb7 13. Nd2 b5 14. Rfe1 Nbd7 15.
a3 Rac8 16. Bf3 Nc5 17. Rb1 Qd7 18. Rbc1 Bd8 19. Bg5 Ne6 20. Bxf6 Bxf6 21. Bg4
Qe7 22. Nf3 Rxc3 23. bxc3 Nc5 24. Qh3 g6 0-1

[Event "Battle Chess"]
[Site "http://www.queenalice.com/game.php?id=1310846"]
[Date "2014.9.27"]
[Round "-"]
[White "RamonChess"]
[Black "dnptrs"]
[Result "0-1"]
[WhiteElo "1784"]
[BlackElo "2204"]

1. e4 c5 2. Nf3 e6 3. Nc3 Nc6 4. Bb5 Qc7 5. d3 Nf6 6. Qe2 Nd4 7. Nxd4 cxd4 8.
Nd5 exd5 9. exd5+ Kd8 10. O-O Bd6 11. h3 Re8 12. Qd1 a6 13. Bc4 Qc5 14. Bg5 Be7
15. Qf3 d6 16. Rfe1 b5 17. Bb3 Bb7 18. c4 dxc3 19. Be3 Bxd5 20. Bxc5 Bxf3 21.
Bb6+ Kd7 22. gxf3 cxb2 23. Rab1 d5 24. Rxb2 Ba3 25. Rbe2 Bb2 26. Be3 Bc3 27. Rc1
d4 28. Rcc2 Re7 29. Bg5 Rae8 30. Kf1 Rxe2 31. Rxe2 Rxe2 0-1